000
00216 a2200097 4500
001
24174
100
_a
Milward, G.E
245
_a
Further applications of O & M
260
_a
_b
Macdonald
_c
1966
090
_c
16365
_d
16365
942
_a
NUST-CAE
_c
M
_c
7075
999
_c
259247
_d
259247